Statistics for Federal Countries

Click here to take the quiz!

General Stats

  • This quiz has been taken 82 times
  • The average score is 18 of 27

Answers on the Map

Answers color-coded by a green-red scale on the quiz's map according to % correct below.
 

Answer Stats

Federal Country% Correct
Brazil
97%
Canada
96%
Mexico
96%
Russia
96%
United States
96%
Australia
94%
Germany
93%
India
90%
Argentina
88%
Nigeria
75%
Switzerland
72%
Austria
68%
Pakistan
67%
Venezuela
67%
Ethiopia
64%
Malaysia
61%
Belgium
58%
Somalia
58%
Iraq
55%
United Arab Emirates
55%
Sudan
54%
Federated States of Micronesia
52%
South Sudan
43%
Bosnia and Herzegovina
32%
Nepal
32%
Saint Kitts and Nevis
23%
Comoros
13%

Score Distribution

Percentile by Number Answered

Percent of People with Each Score

Your Score History

You have not taken this quiz